Central Library OPAC University of Rajshahi

Religious and intellectual history of the Muslims in Akbar's reign, with special reference to Abuʾl Fazl, 1556-1605 / (Record no. 25806)

MARC details
000 -LEADER
fixed length control field 01189cam a2200289 i 4500
001 - CONTROL NUMBER
control field 25806
003 - CONTROL NUMBER IDENTIFIER
rucl marc code BD-RjUL
005 - DATE AND TIME OF LATEST TRANSACTION
control field 20211209050930.0
008 - FIXED-LENGTH DATA ELEMENTS--GENERAL INFORMATION
fixed length control field 140319s1975 ii b 001 0beng d
035 ## - SYSTEM CONTROL NUMBER
System control number (BD-RjUL) 25876
040 ## - CATALOGING SOURCE
Original cataloging agency DLC
Transcribing agency DLC
Modifying agency DLC
-- BD-RjUL
Language of cataloging eng
041 ## - LANGUAGE CODE
Language code of text/sound track or separate title eng
082 00 - DEWEY DECIMAL CLASSIFICATION NUMBER
Classification number 954.0250924
Author mark and year RIR 1975
100 1# - MAIN ENTRY--PERSONAL NAME
Personal name Rizvi, Saiyid Athar Abbas,
Dates associated with a name 1921-
9 (RLIN) 79281
245 10 - TITLE STATEMENT
Title Religious and intellectual history of the Muslims in Akbar's reign, with special reference to Abuʾl Fazl, 1556-1605 /
Statement of responsibility, etc. Saiyid Athar Abbas Rizvi.
260 ## - PUBLICATION, DISTRIBUTION, ETC. (IMPRINT)
Place of publication, distribution, etc. New Delhi :
Name of publisher, distributor, etc. Munshiram Manoharlal Publishers,
Date of publication, distribution, etc. 1975.
300 ## - PHYSICAL DESCRIPTION
Pagination xiv, 564 p. ;
Size 23 cm.
500 ## - GENERAL NOTE
General note "This book, in its original form, entitled Abuʾl Fazl and his times, was approved as a thesis for the degree of doctor of philosophy of the University of Agra in 1949."
504 ## - BIBLIOGRAPHY, ETC. NOTE
Bibliography, etc Bibliography: p. [509]-531. and Index
600 00 - SUBJECT ADDED ENTRY--PERSONAL NAME
Personal name Abū al-Faz̤l ibn Mubārak,
Dates associated with a name 1551-1602.
Personal name Akbar,
Titles and other words associated with a name Emperor of Hindustan,
Dates associated with a name 1542-1605.
650 #0 - SUBJECT ADDED ENTRY--TOPICAL TERM
Topical term or geographic name as entry element Islam
Geographic subdivision India
General subdivision History.
9 (RLIN) 79284
651 #0 - SUBJECT ADDED ENTRY--GEOGRAPHIC NAME
Geographic name Mogul Empire
General subdivision History.
9 (RLIN) 19831
942 ## - ADDED ENTRY ELEMENTS (KOHA)
Source of classification or shelving scheme Dewey Decimal Classification
Koha item type Books
Holdings
Lost status Source of classification or shelving scheme Damaged status Not for loan Collection code Permanent Location Current Location Shelving location Date acquired Source of acquisition Cost, normal purchase price Total Checkouts Full call number Date last seen Copy number Koha item type
  Dewey Decimal Classification   Added to bundle Non-fiction Central Library, University of Rajshahi Central Library, University of Rajshahi Reading Room 10/05/1980 K.P. Bachi & Co 110.00   954.0250924 RIR 1975 19/03/2014 C-1 Books